| 000 | 00733nam a2200241 a 4500 | ||
|---|---|---|---|
| 001 | 21636 | ||
| 003 | BD-RjUL | ||
| 005 | 20260215112608.0 | ||
| 008 | 140305s1967 enk 000 0 eng d | ||
| 035 | _a(BD-RjUL) 21701 | ||
| 040 |
_aDLC _cDLC _dDLC _dBD-RjUL _beng |
||
| 041 | 1 |
_aeng _hgrc |
|
| 082 | 0 | 0 |
_a882.008 _bLUG 1967 |
| 100 | 1 |
_aLucas, F. L. _q(Frank Laurence), _d1894-1967. _952746 |
|
| 245 | 1 | 0 |
_aGreek drama for the common reader / _cby F. L. Lucas. Reissued with corrections. |
| 260 |
_aLondon : _bChatto & Windus, _c1967. |
||
| 300 |
_axxv, 454 p. ; _c23 cm. |
||
| 350 | _a36/- | ||
| 500 | _aMaps on endpapers. | ||
| 650 | 0 |
_aGreek drama _vTranslations into English. _966804 |
|
| 942 |
_2ddc _cBK |
||
| 999 |
_c21636 _d21636 |
||